01282nam a22001817a 4500003001000000005001700010008004100027040002500068041000700093100001800100245006800118260003900186300001200225500008900237520074300326650002001069654001101089IT-MiCISF20170607150713.0170607b xxu||||| |||| 00| 0 eng d aIT-MiCISFcIT-MiCISF ait aPeluso Angelo aIl corpo che crescebProblemi adolescenziali in ambito sessuale aCinisello B. (MI)bSan Paoloc2004 app. 126 aadolescenza, corpo, educazione-sessuale, nuovi-media, devianza-minorile, prevenzione aQuesto volume parla dei sentimenti e delle emozioni nella famiglia con adolescenti: cosa succede quando il corpo si modifica e cresce? come aiutare un adolescente ad accettare il suo “nuovo” corpo? cosa significa diventare uomo e donna? qual è l’influenza della coppia nella formazione dell’identità di genere? quali sono le principali problematiche legate allo sviluppo sessuale degli adolescenti’ Un libro per educatori e per genitori con figli adolescenti, quindi, dove non si parla solo di sesso ma anche di comunicazione, relazione, identità di genere, e tutto quanto è direttamente o indirettamente connesso con le modifiche psico-fisiche della sessualità e della genitalità nella stagione dell’adolescenza. aetà-evolutiva asaggio